000 00298nam a22001337a 4500
008 171027b xxu||||| |||| 00| 0 eng d
020 _a0262121253
041 _aeng
080 _a336
100 _a56
101 _aFIN
245 _aDOMESTIC INTERNATIONAL BANKING
_cLEWIS.M.K
942 _2udc
_cBK
999 _c36282
_d36282